| 000 | 01290cad a22002775a 4500 | ||
|---|---|---|---|
| 001 | L137526 | ||
| 008 | 070413s2007 xxk f a000 0 eng d | ||
| 020 | _a9780755965526 | ||
| 022 | 1 | _a17411203 | |
| 035 | _a(Sirsi) u137526 | ||
| 041 | 0 | _aeng | |
| 050 | 0 | 4 | _a333.72 $2 18 |
| 110 | 1 |
_aScotland _bScottish Executive _bDevelopment Department |
|
| 245 | 0 | 0 |
_aRenewable energy _bScottish Planning Policy SPP6 _h[electronic resource] |
| 260 |
_aEdinburgh _bScottish Executive _c2006 |
||
| 490 | 0 | _aScottish Planning Policies | |
| 520 | _aSets out how the planning system should manage the process of encouraging, approving and implementing renewable energy proposals when preparing development plans and determining planning applications. Suggests that development plans should set out a spatial approach for considering wind farm proposals over 20 megawatts, but should offer protection to natural heritage and green belt areas. | ||
| 590 | _aKA NTK | ||
| 650 | 2 | 4 | _aSPP6 |
| 650 | 2 | 4 | _aCLIMATE CHANGE |
| 650 | 2 | 4 | _aCARBON REDUCTION |
| 651 | 4 |
_aScotland _y1999- |
|
| 690 | _aENVIRONMENTAL AND LAND CONSULTANCY-ENERGY-RENEWABLE ENERGY | ||
| 856 | 4 | 1 |
_uhttps://www.scotland.gov.uk/Publications/2007/03/22084213/0 _zView the item free of charge at www.scotland.gov.uk... |
| 942 | _n0 | ||
| 999 |
_c106809 _d106809 |
||